LEADER 00968nam0 22002893i 450 001 PUV0334979 005 20251003044312.0 010 $a0632035072 100 $a20080201d1997 ||||0itac50 ba 101 | $aeng 102 $agb 181 1$6z01$ai $bxxxe 182 1$6z01$an 200 1 $aEarth surface processes$fPhilip A. Allen 210 $a(Oxford)$cBlackwell science$dc1997 215 $aXI, 404 p.$cill.$d25 cm. 606 $aGeografia fisica$2FIR$3CFIC007900$9E 676 $a551.3$9sedimentologia$v14 700 1$aAllen$b, Philip A.$3IEIV032225$4070$0232183 801 3$aIT$bIT-000000$c20080201 850 $aIT-BN0095 901 $bNAP 01$cSALA $n$ 912 $aPUV0334979 950 0$aBiblioteca Centralizzata di Ateneo$c1 v.$d 01SALA 551.3 ALL.ea$e 0104 9000003055 VMA 1 v.$fA $h20080201$i20080201 977 $a 01 996 $aEarth surface processes$91574176 997 $aUNISANNIO